Lamennais s a modern kor vezéreszméi.

Elmentve itt :
Bibliográfiai részletek
Szerző: Surányi János
Adatforrás:Philobibl
Forrásdokumentuma:Katholikus Szemle
1901. évf., 335-349.p. p.
Dokumentumtípus: Cikk
Nyelv:magyar
LEADER 00302nab a2200097 c 4500
001 bibDOK00023403
005 20200924121737.1
008 060518s1901 hu hun
100 1 |a Surányi János 
245 1 0 |a Lamennais s a modern kor vezéreszméi.  |c Surányi János 
773 0 |t Katholikus Szemle  |g 1901. évf., 335-349.p. p.